000 02377cad a22002415a 4500
001 L146480
008 090126e20090122xxkbd f s f000 0 eng d
020 _a9781409809753
035 _a(Sirsi) u146480
041 0 _aeng
050 0 4 _a336.185 $2 18
110 2 _aUnited Kingdom
_bDepartment for Communities and Local Government
_94939
245 0 0 _aApplication of discretionary council tax powers for empty homes
_h[electronic resource]
260 _aLondon
_bDCLG
_c2009
505 2 _aIntroduction: background, long term empty properties and discretionary discounts; the research study objectives -- Quantitative analysis: the stock of long term empty homes; summary -- Evidence from earlier research: other research reviewed; research findings; summary -- Survey of local authorities: the local authority survey; survey findings; reasons put forward for owners leaving properties empty; types of property which are long term empty; the decision to remove or retain the discount; activities to tackle empty homes; perceived impact of removing the discount; summary -- Conclusions: terms in long term empty properties; characteristics of long term empty properties; reasons for local authority decisions on discounts; use of analysis by authorities; research aims C and D; further research -- Appendix 1: questionnaire
520 _aReport looks at the effect that discretionary application of the 50% discount on council tax for empty homes is having on bringing said properties back into use, with the authors commenting that there is no firm relationship between discretionary application and whether or not homes are being used. Regardless of this, it is found that local authorities enjoy having the ability to use discretionary application, as it allows them to better respond to unique circumstances in the local residential property market. The work of consultant authors, this publication should not be read as representative of the views of the Department for Communities and Local Government or government policy.
521 _aAdvanced
590 _aKA
651 4 _aEngland and Wales
_y1543-
690 _aPROPERTY-RESIDENTIAL PROPERTY-RESIDENTIAL PROPERTY TAXATION-COUNCIL TAX
856 4 0 _uhttps://www.communities.gov.uk/publications/localgovernment/counciltaxemptyhomes
_zView the item free of charge online at www.communities.gov.uk...
942 _n0
999 _c109194
_d109194